Geography by Letter on the World Map - S - Statistics

General Stats
  • This quiz has been taken 1,503 times
  • The average score is 12 of 21
Answers on the Map
Answers color-coded by a green-red scale on the quiz's map according to % correct below.
 
Answer Stats
Answer % Correct
Sahara
98%
South Africa
98%
Saudi Arabia
97%
Scotland
94%
Stockholm
91%
Sicily
88%
South Dakota
88%
Samoa
82%
Sumatra
80%
South China Sea
75%
Sierra Nevada
52%
Senegal River
49%
St. Lawrence River
39%
Southern Alps
38%
Sichuan
35%
Mount St. Helens
33%
Sakha Republic
19%
São Luís
18%
Sugarloaf Mountain
15%
Salta
10%
Mount Stanley
8%
No matching quizzes found
Score Distribution
Percent of People with Each Score
Percentile by Number Answered
Your Score History
You have not taken this quiz